Normal view
MARC view
- Tuminelli Sandro
Entry Personal Name
001 - CONTROL NUMBER
- control field: 7124
003 - CONTROL NUMBER IDENTIFIER
- control field: IT-RoPau
005 - DATE AND TIME OF LATEST TRANSACTION
- control field: 20140102151044.0
008 - FIXED-LENGTH DATA ELEMENTS
- fixed length control field: 140102|| aca||aabn | a|a d
040 ## - CATALOGING SOURCE
- Original cataloging agency: IT-RoPau
- Transcribing agency: IT-RoPau
100 ## - HEADING--PERSONAL NAME
- Personal name: Tuminelli Sandro
- Dates associated with a name: Codice autore SPICS: 25258
- Relator term: Autore
- Name of part/section of a work: Splende l'arcobaleno
670 ## - SOURCE DATA FOUND
- Source citation: Work cat.: (IT-RoPau)100140: AA.VV. 794, Vecchio pianino (Lp Sm 3140)